| 000 | 00596nam a22002057a 4500 | ||
|---|---|---|---|
| 999 |
_c5622 _d5622 |
||
| 003 | AR-CdUCM | ||
| 008 | 190312b ||||| |||| 00| 0 spa d | ||
| 040 |
_aMUNICIPALIDAD PROVINCIAL DEL CUSCO _cBIBLIOTECA MUNICIPAL DEL CUSCO |
||
| 082 |
_a869.15 / _bE71 |
||
| 100 |
_aVictor Hernesto _916813 |
||
| 245 | _aMantarolas / | ||
| 260 |
_aLima : _bEdic. Palabras sencillas, _c1957. |
||
| 300 |
_a30 paginas ; _c17 cm. |
||
| 500 | _aDonación familia Nieto | ||
| 505 | _aContenido :Cuentos / | ||
| 650 |
_aLiteratura peruana _9169 |
||
| 650 |
_aCuentos _9217 |
||
| 942 |
_2ddc _cLIBROS |
||
| 945 | _arum | ||